Statistiques concernant Gouvernement Valls 2

Cliquez ici pour prendre le quiz!

Statistiques générales

  • Ce quiz a été pris 11 fois
  • Le résultat moyen est 9 sur 37

Statistiques - réponses

MinistèreEtiquetteGenreRéponse% Correct
Ministre de l'Éducation nationale, de l'Enseignement supérieur et de la RecherchePSFemmeNajat Vallaud-Belkacem
91%
Ministre de l'IntérieurPSHommeBernard Cazeneuve
73%
Ministre de la DéfensePSHommeJean-Yves Le Drian
73%
Ministre des affaires étrangères et du développement internationalPSHommeJean-Marc Ayrault
64%
Ministre de l'Economie et des financesPSHommeMichel Sapin
55%
Ministre de l'Environnement, de l'Énergie et de la Mer, chargée des Relations internationales sur le climatPSFemmeSégolène Royal
55%
Ministre des Affaires sociales et de la SantéPSFemmeMarisol Touraine
45%
Ministre du Travail, de l'Emploi, de la Formation professionnelle et du Dialogue socialPSFemmeMyriam El Khomri
45%
Ministre de l'Agriculture, de l'Agroalimentaire et de la Forêt
Porte-parole du gouvernement
PSHommeStéphane Le Foll
45%
Ministre de la Culture et de la CommunicationDVGFemmeAudrey Azoulay
36%
Secrétaire d’État chargée de la BiodiversitéEELVFemmeBarbara Pompili
36%
Secrétaire d'État chargé de la Réforme de l'État et de la SimplificationEELVHommeJean-Vincent Placé
36%
Ministre du Logement et de l'Habitat durableEELVFemmeEmmanuelle Cosse
27%
Garde des sceaux et ministre de la JusticePSHommeJean-Jacques Urvoas
27%
Ministre de l'Aménagement du territoire, de la Ruralité et des Collectivités territorialesParti Radical de Gauche (PRG)HommeJean-Michel Baylet
27%
Ministre de la Fonction publiquePRG- Cap Sur l'avenir (CSA)FemmeAnnick Girardin
18%
Secrétaire d'État chargé des Affaires européennesPSHommeHarlem Désir
18%
Ministre des Familles, de l'Enfance et des Droits des femmesPSFemmeLaurence Rossignol
18%
Ministre de la Ville, de la Jeunesse et des SportsPSHommePatrick Kanner
18%
Secrétaire d'État chargé du Budget et des Comptes publicsPSHommeChristian Eckert
9%
Ministre des Outre-merPSFemmeEricka Bareigts
9%
Secrétaire d'État chargée du Numérique et de l'InnovationPSFemmeExelle Lemaire
9%
Secrétaire d'État chargé des Relations avec le ParlementPSHommeJean-Marie Le Guen
9%
Secrétaire d'État chargé du Commerce extérieur, de la Promotion du tourisme et des Français de l'étrangerPSHommeMatthias Fekl
9%
Secrétaire d'État chargé des SportsPRGHommeThierry Braillard
9%
Secrétaire d'État chargé des Transports, de la Mer et de la PêchePSHommeAlain Vidalies
0%
Secrétaire d'État chargé du Développement et de la FrancophoniePSHommeAndré Vallini
0%
Secrétaire d'État chargé de l'IndustriePSHommeChristophe Sirugue
0%
Secrétaire d'État chargée de la Formation professionnelle et de l’ApprentissagePSFemmeClotilde Valter
0%
Secrétaire d'État chargée des Collectivités territorialesPSFemmeEstelle Grelier
0%
Secrétaire d'État chargée de la VillePSFemmeHélène Geoffroy
0%
Secrétaire d'État chargé des Anciens combattants et de la MémoirePSHommeJean-Marc Todeschini
0%
Secrétaire d’État chargée de l’Aide aux victimesPSFemmeJuliette Méadel
0%
Secrétaire d'État chargée du Commerce, de l'Artisanat, de la Consommation et de l'Économie sociale et solidairePSFemmeMartine Pinville
0%
Secrétaire d'État chargée des Personnes âgées et de l'AutonomiePSFemmePascale Boistard
0%
Secrétaire d'État chargée des Personnes handicapées et de la Lutte contre l'exclusionPSFemmeSégolène Neuville
0%
Secrétaire d'État chargé de l'Enseignement supérieur et de la RecherchePSHommeThierry Mandonu
0%

Distribution des résultats

Percentile par nombre de réponses

% des personnes avec chaque résultat

Votre développement - résultats

Vous n’avez pas pris ce quiz